| 000 | 00438nam a2200169Ia 4500 | ||
|---|---|---|---|
| 008 | 100510t2007 xxu||||| |||| 00| 0 sin d | ||
| 041 | _asin | ||
| 080 |
_aX8S31 _bWIJ |
||
| 100 | _aWijayasuriya, Wimala | ||
| 245 | _aහන්තානේ හෙවනැළි | ||
| 246 | _aHanthane Hevanali | ||
| 260 |
_bRathna _aColombo _c2007 |
||
| 300 | _a260p., 21 cm | ||
| 942 | _cBK | ||
| 999 |
_c72948 _d72948 |
||
| 003 | LK-CoDNM | ||
| 040 |
_aLK-CoDNM _dLK-CoDNM _eLK-CoDNM |
||